Normal view
MARC view
Entry Topical Term
001 - CONTROL NUMBER
- control field: 238482
003 - CONTROL NUMBER IDENTIFIER
- control field: OSt
005 - DATE AND TIME OF LATEST TRANSACTION
- control field: 20250910115818.0
008 - FIXED-LENGTH DATA ELEMENTS
- fixed length control field: 250910|| aca||aabn | a|a d
040 ## - CATALOGING SOURCE
- Original cataloging agency: OSt
- Transcribing agency: OSt
150 ## - HEADING--TOPICAL TERM
- Topical term or geographic name entry element: Interpretation of Constitution
670 ## - SOURCE DATA FOUND
- Source citation: Work cat.: (OSt)240417: Mahesh Prasad Tandon 238481, Interpretation of Statutes and Legislation, 2025